Womens Rights/ (Record no. 53839)

000 -LEADER
fixed length control field 00415nam a22001697a 4500
020 ## - INTERNATIONAL STANDARD BOOK NUMBER
ISBN 978-81-309-1426-8
082 ## - DEWEY DECIMAL CLASSIFICATION NUMBER
Classification number 323.34
Item number NAT/W
100 ## - MAIN ENTRY--AUTHOR NAME
Personal name Natasha Thomson
245 ## - TITLE STATEMENT
Title Womens Rights/
Statement of responsibility, etc by Natasha Thomson
260 ## - PUBLICATION, DISTRIBUTION, ETC. (IMPRINT)
Place of publication New Delhi:
Name of publisher Vivca Books,
Year of publication 2010.
300 ## - PHYSICAL DESCRIPTION
Number of Pages 401p.
650 ## - SUBJECT ADDED ENTRY--TOPICAL TERM
Topical Term Womens Rights
650 ## - SUBJECT ADDED ENTRY--TOPICAL TERM
Topical Term Political Rights
650 ## - SUBJECT ADDED ENTRY--TOPICAL TERM
Topical Term Human Rights
650 ## - SUBJECT ADDED ENTRY--TOPICAL TERM
Topical Term Social Sciences
942 ## - ADDED ENTRY ELEMENTS (KOHA)
Koha item type Book
Holdings
Withdrawn status Lost status Damaged status Not for loan Permanent Location Current Location Shelving location Date acquired Cost, normal purchase price Full call number Accession Number Price effective from Koha item type
        Sree Sankaracharya University of Sanskrit Sree Sankaracharya University of Sanskrit Stacks 08.06.2015 995.00 323.34 NAT/W 076318 08.06.2015 Book